| 000 | 00626cam a2200205 i 4500 | ||
|---|---|---|---|
| 001 | 000014482 | ||
| 005 | 20200929163845.0 | ||
| 008 | 801023s1978 sp 000 0 spa | ||
| 010 | _a80128536 | ||
| 020 | _a8432295191 | ||
| 040 |
_aDO-SdBNP _cspa _dBNPHU |
||
| 082 | 0 | 0 |
_axx _2xx |
| 100 | 1 |
_aBetancourt, Romulo, _cRómulo Antonio Betancourt Bello _d1908-1981. _916180 |
|
| 245 | 1 | 0 |
_aAmérica Latina, democracia e integración / _cRómulo Betancourt. |
| 250 | _a1. ed | ||
| 260 |
_aBarcelona : _bSeix Barral, _c1978. |
||
| 300 |
_a235 p. ; _c21 cm. |
||
| 490 | 1 |
_aHis Obras selectas ; _v2 |
|
| 830 | 0 |
_aObras selectas ; _916186 |
|
| 999 |
_c14071 _d14071 |
||